000 00373nam a22001457a 4500
005 20230828092152.0
008 230828b ||||| |||| 00| 0 eng d
040 _cAL
041 _aEnglish
082 _223
_a338.954
_bUDAP
100 _aUdayashankar s
_9131117
245 _aEconomics: Second Year Puc Economics
700 _aUDAYASHANKAR (S)
_9131118
942 _2ddc
_cBK
999 _c228521
_d228521